01516 2200289 4500001002100000005001500021008004100036020001500077035002000092082000800112084001200120100002000132245002500152250000600177260003400183300003100217504002900248520009700277520077000374650001001144650001701154990001101171990001101182990001101193990001101204990001101215INLIS00000000000475720260204113215260204 g 0 ind  a9795262386 a0010-0721000016 a291 a291 PER0 aZakiah Daradjat1 aPerbandingan Agama I aI aJakarta :bBumi Aksara,c1996 axiv + 390 halaman ;c21 cm aBibliografi: 233 halaman a1. Animisme 2. Dinamisme 3. Hierophany 4. Tinjauan islam tentang animisme dan dinamisme aBuku Perbandingan Agama, Buku 1 yang ditulis oleh Prof. Dr. Zakiah Daradjat dkk (terbitan 1983/1996) merupakan buku ajar yang membahas studi perbandingan agama-agama di dunia, baik agama Semit maupun non-Semit. Buku ini diterbitkan atas kerja sama dengan Direktorat Pembinaan Perguruan Tinggi Agama Islam dan IAIN Sunan Kalijaga. Menjelaskan sistem kepercayaan, ritual, dan ajaran dari berbagai agama di dunia secara objektif. Memberikan wawasan keilmuan yang luas mengenai keberagaman agama, menjunjung tinggi nilai kemajemukan, dan menjadi panduan akademis di perguruan tinggi agama Buku ini sering digunakan untuk memahami persamaan dan perbedaan dasar antara agama-agama, yang sering ditekankan oleh Zakiah Daradjat dalam pendekatan psikologi dan sosiologi agam 4aAgama 4aPerbandingan a013229 a013230 a013231 a013232 a013233